| 000 | 00456nab a2200145Ia 4500 | ||
|---|---|---|---|
| 003 | ES-SlBCS | ||
| 005 | 20210601124313.0 | ||
| 008 | 140529s1984 xxu||||| |||| 00| 0 eng d | ||
| 041 | _aeng | ||
| 100 | 1 |
_aWimpelberg, Robert K. _9139454 |
|
| 245 | 0 | 0 |
_aComments on Barry L. Bull's Liberty and the New Localism _c Robert K. Wimpelberg |
| 650 | 0 | 4 |
_aEducación _986687 |
| 773 | 0 |
_tEducational Theory _gvol. 34, nº. 1, 1984, págs. 95-96 _wRev1399 |
|
| 942 | _cAR | ||
| 999 |
_c512612 _d512612 |
||